00363pab a2200145 454500008004000000100002600040245005700066260000900123300001200132362000800144650001600152650001000168650001700178773002200195180718b2000 xxu||||| |||| 00| 0 eng d aTimmerman, Christiane aMuslim women and nationalism: the power of the image c2000 ap.15-27 aOct aNationalism aWomen aMuslim women aCurrent Sociology